Microeconomic (Record no. 4632)

MARC details
000 -LEADER
fixed length control field 00303nam a2200133Ia 4500
008 - FIXED-LENGTH DATA ELEMENTS--GENERAL INFORMATION
fixed length control field 191201s2010 xx 000 0 und d
082 ## - DEWEY DECIMAL CLASSIFICATION NUMBER
Classification number 338.5
Item number JAM
100 ## - MAIN ENTRY--PERSONAL NAME
Personal name JAIN,T.R
245 #0 - TITLE STATEMENT
Title Microeconomic
260 ## - PUBLICATION, DISTRIBUTION, ETC. (IMPRINT)
Place of publication, distribution, etc N. delhi
Name of publisher, distributor, etc V K Enterprises
Date of publication, distribution, etc 2010
300 ## - PHYSICAL DESCRIPTION
Extent 512
650 ## - SUBJECT ADDED ENTRY--TOPICAL TERM
Topical term or geographic name as entry element BBA
942 ## - ADDED ENTRY ELEMENTS (KOHA)
Source of classification or shelving scheme Dewey Decimal Classification
Koha item type Text Books
942 ## - ADDED ENTRY ELEMENTS (KOHA)
-- 2
Holdings
Withdrawn status Lost status Source of classification or shelving scheme Damaged status Not for loan Collection code Home library Current library Date acquired Source of acquisition Cost, normal purchase price Bill Number Total Checkouts Full call number Acc. no. / Barcode Date last seen Bill Date Koha item type Checked out Date last borrowed Public note
    Dewey Decimal Classification     BBA PIET C-LIBRARY PIET C-LIBRARY 11/08/2010 The book company 300.00 IN-2687   338.5 JAM 16233 04/12/2019 07/08/2010 Text Books      
    Dewey Decimal Classification     BBA PIET C-LIBRARY PIET C-LIBRARY 11/08/2010 The book company 300.00 IN-2687 1 338.5 JAM 16234 27/10/2020 07/08/2010 Text Books 10/11/2020 27/10/2020  
    Dewey Decimal Classification     BBA PIET C-LIBRARY PIET C-LIBRARY 11/08/2010 The book company 300.00 IN-2687   338.5 JAM 16235 04/12/2019 07/08/2010 Text Books     Price Paid
    Dewey Decimal Classification     BBA PIET C-LIBRARY PIET C-LIBRARY 11/08/2010 The book company 300.00 IN-2687 2 338.5 JAM 16236 09/03/2026 07/08/2010 Text Books   26/02/2026  
    Dewey Decimal Classification     BBA PIET C-LIBRARY PIET C-LIBRARY 11/08/2010 The book company 300.00 IN-2687 1 338.5 JAM 16237 26/10/2020 07/08/2010 Text Books 09/11/2020 26/10/2020  
    Dewey Decimal Classification     BBA PIET C-LIBRARY PIET C-LIBRARY 11/08/2010 The book company 300.00 IN-2687   338.5 JAM 16238 04/12/2019 07/08/2010 Text Books      

Design & Developed by: PIET Central Library
R70 Miles Stone Pattikalyana Samalkha Panipat 132102
mail ID :- [email protected], Phone No:- 0180-2569700 Ex.216